QUIZ - Pays par Capitales - Statistiques

Statistiques générales
  • Ce quiz a été pris 210 fois
    167 depuis la dernière actualisation
  • Le résultat moyen est 102 sur 196
Statistiques - réponses
Capitale Pays % Correct
Alger Algérie
95%
Berlin Allemagne
94%
Andorre-la-Vieille Andorre
91%
Buenos Aires Argentine
90%
Canberra Australie
86%
Vienne Autriche
86%
Kaboul Afghanistan
85%
Bruxelles Belgique
83%
Tirana Albanie
81%
Brasilia Brésil
80%
Pretoria Afrique du Sud
77%
Pékin Chine
77%
Le Caire Egypte
77%
Madrid Espagne
77%
Paris France
77%
Séoul Corée du Sud
76%
Ottawa Canada
75%
Washington Etats-Unis
75%
Mexico Mexique
75%
Helsinki Finlande
74%
Luxembourg Luxembourg
74%
Monaco Monaco
74%
Athènes Grèce
73%
Oslo Norvège
73%
Sofia Bulgarie
72%
Pyongyang Corée du Nord
72%
Zagreb Croatie
72%
Rome Italie
72%
Lisbonne Portugal
72%
Riyad Arabie Saoudite
71%
Bogota Colombie
71%
Copenhague Danemark
71%
Guatemala Guatemala
71%
Dublin Irlande
71%
Amsterdam Pays-Bas
71%
Londres Royaume-Uni
71%
Moscou Russie
71%
New Delhi Inde
70%
Tokyo Japon
70%
Beyrouth Liban
70%
Rabat Maroc
70%
Panama Panama
70%
Lima Pérou
69%
Varsovie Pologne
69%
Bucarest Roumanie
69%
Sarajevo Bosnie-Herzégovine
68%
Santiago Chili
68%
Budapest Hongrie
68%
Téhéran Iran
68%
Jérusalem Israël
68%
Minsk Biélorussie
67%
La Havane Cuba
67%
Djibouti Djibouti
67%
Bagdad Irak
67%
Reykjavik Islande
67%
Koweït Koweït
67%
Nicosie Chypre
66%
Abu Dhabi Emirats Arabes Unis
66%
Jakarta Indonésie
66%
Tallinn Estonie
65%
La Valette Malte
65%
Berne Suisse
65%
Saint-Marin Saint-Marin
64%
Singapour Singapour
64%
Yaoundé Cameroun
63%
Brazzaville Congo
63%
Vilnius Lituanie
63%
Prague République Tchèque
63%
Stockholm Suède
63%
Erevan Arménie
62%
Tunis Tunisie
62%
Riga Lettonie
61%
Kuala Lumpur Malaisie
61%
Kiev Ukraine
60%
Sucre Bolivie
59%
Quito Equateur
59%
Bamako Mali
59%
San Salvador Salvador
59%
Dakar Sénégal
59%
Belgrade Serbie
59%
Tripoli Libye
58%
Wellington Nouvelle-Zélande
58%
Doha Qatar
58%
Bakou Azerbaïdjan
57%
Phnom Penh Cambodge
57%
Bissau Guinée-Bissau
57%
Kingston Jamaïque
57%
Bratislava Slovaquie
57%
Damas Syrie
57%
Vatican Vatican
57%
Ljubljana Slovénie
56%
Ankara Turquie
56%
Oulan-Bator Mongolie
55%
Conakry Guinée
54%
Nairobi Kenya
54%
Montevideo Uruguay
54%
São Tomé São Tomé et Príncipe
53%
Bangkok Thaïlande
53%
Nassau Bahamas
52%
Dacca Bangladesh
52%
Ouagadougou Burkina Faso
52%
Tbilissi Géorgie
52%
Asunción Paraguay
52%
Manille Philippines
52%
Kinshasa République Démocratique du Congo
52%
Luanda Angola
51%
Addis-Abeba Ethiopie
51%
Skopje Macédoine du Nord
51%
Port-au-Prince Haïti
50%
Chisinau Moldavie
50%
Katmandou Népal
50%
Islamabad Pakistan
50%
San José Costa Rica
49%
Tegucigalpa Honduras
49%
Antananarivo Madagascar
49%
Vaduz Liechtenstein
48%
Saint-Domingue République Dominicaine
48%
Libreville Gabon
47%
Astana (Noursoultan) Kazakhstan
47%
Caracas Venezuela
47%
Amman Jordanie
46%
Pristina Kosovo
46%
Podgorica Monténégro
45%
Taipei Taïwan
45%
Belmopan Belize
44%
Sri Jayawardenapura Sri Lanka
44%
Saint John's Antigua-et-Barbuda
43%
Hanoi Viêt Nam
43%
Yamoussoukro Côte d'Ivoire
42%
Bridgetown Barbade
40%
Malabo Guinée équatoriale
40%
Manama Bahreïn
39%
Managua Nicaragua
39%
Paramaribo Suriname
39%
Harare Zimbabwe
39%
Gaborone Botswana
38%
Porto-Novo Bénin
37%
Accra Ghana
37%
Vientiane Laos
37%
Abuja Nigeria
37%
Tachkent Ouzbékistan
37%
Naypyidaw Birmanie
36%
Bandar Seri Begawan Brunei
36%
Moroni Comores
36%
Niamey Niger
36%
Mascate Oman
36%
Sanaa Yémen
36%
Roseau Dominique
35%
Bichkek Kirghizistan
35%
Nouakchott Mauritanie
35%
Lusaka Zambie
35%
Thimbu Bhoutan
34%
Praia Cap-Vert
34%
Khartoum Soudan
34%
Asmara Erythrée
33%
Mbabane Eswatini
33%
Malé Maldives
33%
Windhoek Namibie
33%
Basseterre Saint-Christophe-et-Niévès
33%
Gitega Burundi
32%
Suva Fidji
32%
Mogadiscio Somalie
32%
Achgabat Turkménistan
32%
Kigali Rwanda
31%
Lomé Togo
31%
Castries Sainte-Lucie
30%
Djouba Soudan du Sud
30%
N'Djamena Tchad
30%
Lilongwe Malawi
29%
Victoria Seychelles
29%
Freetown Sierra Leone
29%
Tarawa Kiribati
28%
Monrovia Liberia
28%
Kampala Ouganda
28%
Douchanbe Tadjikistan
28%
Banjul Gambie
27%
Maseru Lesotho
27%
Kingstown Saint-Vincent-et-les-Grenadines
27%
Dodoma Tanzanie
27%
Port-Vila Vanuatu
27%
Port Louis Île Maurice
26%
Maputo Mozambique
26%
Bangui République Centrafricaine
26%
Port of Spain Trinité-et-Tobago
26%
Fanafuti Tuvalu
26%
Georgetown Guyana
25%
Dili Timor-Oriental
25%
Saint George's Grenade
24%
Palikir Micronésie
23%
Melekeok Palaos
23%
Yaren Nauru
22%
Port Moresby Papouasie-Nouvelle-Guinée
22%
Apia Samoa
22%
Majuro Marshall
21%
Nukualofa Tonga
20%
Honiara Salomon
19%
Aucun quiz correspondant
Distribution des résultats
% des personnes avec chaque résultat
Percentile par nombre de réponses
Votre historique - résultats
Vous n’avez pas pris ce quiz depuis la dernière actualisation